Регионална библиотека "Любен Каравелов" - Русе

Тракийската Атлантида (Запис номер 93106)

MARC детайли
000 -Лидер
Контролно поле с фиксирана дължина 02333nam a2200433 c 4500
003 - Код на организацията, давaща контролен номер
Контролно поле BLK
005 - Дата и час на последна редакция
Контролно поле 20210203133039.0
008 - Елементи от данни с фиксирана дължина
fixed length control field 180408b bul|||||r ||||||| ||bul||
010 ## - Наследен системен номер
LC control number KNG00097895000
020 ## - Международен стандартен номер на книга ISBN
Международен стандартен номер на книга ISBN 954-91222-7-9
-- издат.: Бълг. о-во за мултимедийно изкуство - на том(кн. 4)
040 ## - Източник на каталожния запис
Идентификатор на билиотеката - собственик на записа BLK
041 ## - Код за език
Код за езика на текст/звукозапис или на отделно заглавие Български
Код за езика КДБФ Български
072 #7 - Код за тематичната категория
Код организация bullib
Код за тематична категория Н92
Текст История Н
080 ## - УДК
Текстов определител УДК Паметници на културата на историческите периоди. Археологическите паметници. Старини
УДК код - определител по УДК 904
УДК определител (497.2=919.885)
УДК - код + определител 904(497.2=919.885)
080 ## - УДК
Текстов определител УДК Българска литература
УДК код - определител по УДК 821.163.2
УДК определител -311.6
УДК - код + определител 821.163.2-311.6
100 1# - Редна дума - Автор
Автор Детев, Петър Йорданов
Авторска отговорност първи автор
R(LIN) 284280
139 ## - Редно поле
Редна дума Детев, Петър Йорданов и др.
Авторски знак Дес - Д 45
245 10 - Сведения за заглавието
Заглавие Тракийската Атлантида
Подзаглавни данни Прародината на траките : Кн. 1 - За том: Ист. роман за изчезналия Стар свят
Редно поле (дума) Петър Йорданов Детев; съавт. Йордан Петров Детев; авт. на том Йордан Петров Детев.
Том Кн. 4
Заглавие на том Краят на Тракийската Атлантида
257 ## - Страна на издаване
Страна на създаване/издаване България
260 ## - Област на издателските данни
-- София
Година на издаване 2002 -
Печатница София : Инфопрес
-- За том: София : Славейков
300 ## - Физическа характеристика
Размери/Мащаб 24 см
380 ## - Жанр
Жанр История
500 ## - Общи забележки
Забележка Офс. изд.
650 #4 - Допълнително описание по предмет – тема
Основно описание – тема или топоним Тракия - старини
9 (RLIN) 271948
651 #4 - Допълнително описание по предмет - топоним
Географско понятие Древна Тракия
9 (RLIN) 245252
653 ## - Ключова дума – ненормативна
Ключова дума Тракия
653 ## - Ключова дума – ненормативна
Ключова дума Атлантида
653 ## - Ключова дума – ненормативна
Ключова дума траки
653 ## - Ключова дума – ненормативна
Ключова дума исторически романи
659 ## - Тематичен бюлетин
Тематичен бюлетин Н
700 1# - Други автори (авторска отговорност)
Лично име Детев, Йордан Петров
Автороска отговорност (Описва отношението между автора и произведението) съавт.
9 (RLIN) 368720
700 1# - Други автори (авторска отговорност)
Лично име Детев, Йордан Петров
Автороска отговорност (Описва отношението между автора и произведението) авт. на том
9 (RLIN) 368720
760 1# - Описание на основната серия
-- - на том(кн. 4)
Редна дума на основното описание Детев, Петър Йорданов
Място на издаване, издател и година Бълг. о-во за мултимедийно изкуство, 2009
Страници - том 304 с.
Забележка - том 1 000 тир.
Заглавие Кн. 4 Краят на Тракийската Атлантида
852 ## - Местоположение
Форматна сигнатура Цб 216532
856 4# - Електронен адрес и достъп
Електронен формат pdf - файл
Път до файла /url/
856 4# - Електронен адрес и достъп
Електронен формат pdf - файл
Път до файла /url/
942 ## - АРТИКУЛИ
Вид на библиотечния материал Книги
Скрит в OPAC Не
Koha issues (borrowed), all copies 1
944 ## - СЪЗДАВАНЕ И РЕДАКЦИЯ на ЗАПИСА
Създаване/Редакция Създаване
Дата на регистрацията/редакция 08.11.2010
Статус, дата на статуса ф /
Служител, извършил регистрацията/редакцията Людмила_Стоянова
944 ## - СЪЗДАВАНЕ И РЕДАКЦИЯ на ЗАПИСА
Създаване/Редакция Редакция
Дата на регистрацията/редакция 06.04.2017
Статус, дата на статуса ф /
Служител, извършил регистрацията/редакцията Виолета_Тройчева
999 ## - СИСТЕМНИ КОНТРОЛНИ НОМЕРА
Koha biblionumber 93106
Koha biblioitemnumber 93106
Наличности
Код за отписване Код за изгубен артикул Код за повреда Коз за рестрикции Код за отдаване Артикулен № Име на библиотеката - собственик Име на библиотеката, в която се намира в момента Статус (Текущо местоположение) Дата на вписване в системата Местоположение - отдел Цена в лева Инвентарен номер Систематично азбучна сигнатура Баркод Номер на екземпляра Цена в евро Служебна бележка Служебен тип на артикула
  Не е изгубен Не е повреден без рестрикции ползва се в читалня 149757 Регионална библиотека "Любен Каравелов" Русе Регионална библиотека "Любен Каравелов" Русе Хранилище 2010-11-08 Хранилище 15.00 120000747145 Цб 216532 120000747145 1 7.67 Дост: Dp Вид: Д N: 10 Дата: 24.02.2010 Книги
  Не е изгубен Не е повреден без рестрикции заемане за дома 149758 Регионална библиотека "Любен Каравелов" Русе Регионална библиотека "Любен Каравелов" Русе Заемна - подръчен фонд 2017-03-22 Заемна - подръчен фонд 15.00 120000809296 П 904/Д 45 120000809296 2 7.67 Дост: DA Вид: А N: 11 Дата: 22.03.2017 Дата инв: 07.02.2018 Бележки инв: П2018 Книги
Vip Innovations Ltd, Rousse, Bulgaria 2025